[Event "FIDE World Youth U16 Chess Olympiad SLOVAKIA 2016"]
[Site "Poprad Tatry SLOVAKIA"]
[Date "2016.07.27"]
[Round "7"]
[Board "3"]
[White "Daliga, Anita"]
[Black "Aalto, Patrik"]
[Result "0-1"]
[WhiteElo "1703"]
[BlackElo "1745"]
[PlyCount "132"]
[EventDate "2016.07.22"]
[EventType "team"]
[EventRounds "9"]
[EventCountry "SVK"]
[WhiteTeam "Poland 2 - Warmia - Mazury"]
[BlackTeam "Finland"]

1. e4 c5 2. Nf3 g6 3. d4 cxd4 4. Nxd4 Bg7 5. Nc3 Nc6 6. Be3 Nf6 7. Be2 O-O 8.
O-O d5 9. Nxc6 bxc6 10. e5 Nd7 11. f4 e6 12. Qe1 f6 13. exf6 Bxf6 14. Rd1 e5
15. fxe5 Bxe5 16. Qd2 Nf6 17. Bd4 Bxd4+ 18. Qxd4 Qb6 19. Qxb6 axb6 20. a3 Kg7
21. h3 Bf5 22. Bd3 Bxd3 23. Rxd3 Rae8 24. Rdd1 Nd7 25. Rxf8 Kxf8 26. Kf2 Ne5
27. b3 Ke7 28. Ne2 Rd8 29. a4 c5 30. Ng1 d4 31. Ke2 Rf8 32. Nf3 Nxf3 33. gxf3
Ke6 34. Kf2 Rf5 35. Re1+ Re5 36. Rd1 Kf5 37. h4 Kf4 38. Rg1 Re3 39. Rg4+ Kf5
40. Rg5+ Kf6 41. Rd5 Ke6 42. Rd8 Rc3 43. Rb8 Rxc2+ 44. Ke1 Rh2 45. Rxb6+ Kd5
46. a5 Rxh4 47. a6 Rh2 48. a7 Ra2 49. Rb7 h5 50. Rg7 h4 51. Rxg6 Rxa7 52. Rh6
Rb7 53. Rh5+ Kc6 54. Rxh4 Rxb3 55. f4 Kd5 56. Rh5+ Kc4 57. f5 Rf3 58. Ke2 Rf4
59. Kd2 d3 60. Ke1 Kd4 61. Rh8 Rxf5 62. Rd8+ Kc3 63. Rd7 c4 64. Rd6 Kc2 65.
Rxd3 Kxd3 66. Kd1 Rf1# 0-1

[Event "FIDE World Youth U16 Chess Olympiad SLOVAKIA 2016"]
[Site "Poprad Tatry SLOVAKIA"]
[Date "2016.07.27"]
[Round "7"]
[Board "4"]
[White "Wartiovaara, Oliver"]
[Black "Zarebska, Lena"]
[Result "1-0"]
[WhiteElo "1513"]
[BlackElo "1406"]
[PlyCount "121"]
[EventDate "2016.07.22"]
[EventType "team"]
[EventRounds "9"]
[EventCountry "SVK"]
[WhiteTeam "Finland"]
[BlackTeam "Poland 2 - Warmia - Mazury"]

1. c4 Nf6 2. Nc3 g6 3. Nf3 Bg7 4. g3 O-O 5. Bg2 d6 6. O-O e5 7. d3 Nbd7 8. Rb1
Re8 9. Qc2 Nb6 10. Bd2 c6 11. b4 d5 12. c5 Nbd7 13. e4 a5 14. a3 d4 15. Ne2 Qe7
16. h3 Rb8 17. Rfc1 axb4 18. Bxb4 h5 19. Nh4 Bh6 20. f4 exf4 21. Nxf4 Bxf4 22.
gxf4 Nxe4 23. Nxg6 fxg6 24. Bxe4 Kg7 25. Qg2 Qf6 26. f5 Ne5 27. fxg6 Qh4 28.
Be1 Qf4 29. Qg3 Qf6 30. Bd2 Bd7 31. Rf1 Qe7 32. Rf7+ Nxf7 33. gxf7+ Kh8 34.
fxe8=Q+ Rxe8 35. Kh2 Rg8 36. Qf4 Rg7 37. Rxb7 Qe8 38. a4 Kg8 39. Qb8 Bc8 40.
Rxg7+ Kxg7 41. Qg3+ Kh8 42. Qg6 Qd7 43. Qxh5+ Kg8 44. Qg4+ Qxg4 45. hxg4 Bxg4
46. Bxc6 Bc8 47. a5 Ba6 48. Bd5+ Kf8 49. Bc4 Bb7 50. a6 Ba8 51. Bb5 Ke7 52. c6
Kd6 53. Bb4+ Kc7 54. Bc5 Bxc6 55. Bxc6 Kxc6 56. a7 Kb7 57. Bxd4 Ka8 58. Bc5 Kb7
59. d4 Ka8 60. d5 Kb7 61. d6 1-0

[Event "FIDE World Youth U16 Chess Olympiad SLOVAKIA 2016"]
[Site "Poprad Tatry SLOVAKIA"]
[Date "2016.07.27"]
[Round "7"]
[Board "1"]
[White "Duong, Yisam"]
[Black "Beukema, Jasper"]
[Result "0-1"]
[WhiteElo "1948"]
[BlackElo "2163"]
[PlyCount "76"]
[EventDate "2016.07.22"]
[EventType "team"]
[EventRounds "9"]
[EventCountry "SVK"]
[WhiteTeam "Switzerland"]
[BlackTeam "Belgium"]

1. e4 e5 2. Nf3 Nc6 3. Bb5 Nge7 4. O-O g6 5. c3 Bg7 6. d4 exd4 7. cxd4 d5 8.
exd5 Nxd5 9. Re1+ Be6 10. Bg5 Qd6 11. Nbd2 O-O 12. Ne4 Qb4 13. Bxc6 bxc6 14.
Qc1 Rab8 15. b3 Rfe8 16. Bd2 Qb6 17. Nc5 Bf5 18. Ne5 Rbd8 19. Na4 Qxd4 20. Nxc6
Qxa1 21. Qxa1 Bxa1 22. Nxd8 Rxe1+ 23. Bxe1 Bb1 24. a3 Bc2 25. Nc5 Bb2 26. a4
Bd4 27. Ndb7 Nf4 28. g3 Nd3 29. Nxd3 Bxd3 30. b4 Kg7 31. Nc5 Bc2 32. a5 Kf6 33.
Kf1 Ke5 34. Ke2 Kd5 35. Kd2 Bf5 36. f3 Kc4 37. g4 Bc3+ 38. Ke2 Bxe1 0-1

[Event "FIDE World Youth U16 Chess Olympiad SLOVAKIA 2016"]
[Site "Poprad Tatry SLOVAKIA"]
[Date "2016.07.27"]
[Round "7"]
[Board "2"]
[White "Huygebaert, Batist"]
[Black "Giesinger, Elias"]
[Result "1-0"]
[WhiteElo "1850"]
[BlackElo "2051"]
[PlyCount "131"]
[EventDate "2016.07.22"]
[EventType "team"]
[EventRounds "9"]
[EventCountry "SVK"]
[WhiteTeam "Belgium"]
[BlackTeam "Switzerland"]

1. d4 Nf6 2. Nf3 e6 3. Bf4 c5 4. c3 d5 5. e3 Nc6 6. Nbd2 Bd6 7. Bg3 O-O 8. Bd3
Qe7 9. Ne5 Nd7 10. Nxd7 Bxd7 11. Bxd6 Qxd6 12. dxc5 Qxc5 13. Bxh7+ Kxh7 14.
Qh5+ Kg8 15. Ne4 g6 16. Nxc5 gxh5 17. Nxd7 Rfc8 18. Nf6+ Kf8 19. Nxh5 Ne5 20.
Nf4 Nc4 21. O-O-O b5 22. b3 Nd6 23. Kb2 Ne4 24. Rc1 Ke7 25. f3 Nd6 26. g4 Rh8
27. h4 Rag8 28. Rcg1 a5 29. Nd3 f6 30. Nf4 Rh7 31. Ra1 a4 32. Rad1 Rgg7 33.
Rde1 f5 34. g5 Rg8 35. Reg1 Rhh8 36. h5 Kd7 37. Ng6 Rh7 38. Ne5+ Ke7 39. h6
Rhh8 40. g6 Kf6 41. g7 Rh7 42. Nd7+ Ke7 43. Nf8 Rxf8 44. gxf8=Q+ Kxf8 45. Rg6
Kf7 46. Rhg1 Ne8 47. Rg7+ Nxg7 48. Rxg7+ Rxg7 49. hxg7 Kxg7 50. bxa4 bxa4 51.
Ka3 Kg6 52. Kxa4 Kh5 53. Kb3 Kh4 54. a4 e5 55. a5 f4 56. exf4 e4 57. fxe4 dxe4
58. Kc4 Kg3 59. Kd4 Kxf4 60. a6 e3 61. Kd3 Kf3 62. a7 e2 63. a8=Q+ Kf2 64. Qf8+
Ke1 65. Qf4 Kd1 66. Qd2# 1-0

[Event "FIDE World Youth U16 Chess Olympiad SLOVAKIA 2016"]
[Site "Poprad Tatry SLOVAKIA"]
[Date "2016.07.27"]
[Round "7"]
[Board "3"]
[White "Meier, Lukas"]
[Black "Huttl, Sofie"]
[Result "1-0"]
[WhiteElo "1874"]
[BlackElo "1727"]
[PlyCount "89"]
[EventDate "2016.07.22"]
[EventType "team"]
[EventRounds "9"]
[EventCountry "SVK"]
[WhiteTeam "Switzerland"]
[BlackTeam "Belgium"]

1. e4 e5 2. Nf3 Nc6 3. Bc4 Bc5 4. c3 Nf6 5. d3 h6 6. Bb3 d6 7. O-O O-O 8. Re1
Bb6 9. Nbd2 Re8 10. Nf1 Ne7 11. Ng3 Ng6 12. h3 Be6 13. Bc2 d5 14. d4 dxe4 15.
Nxe5 Nxe5 16. dxe5 Qxd1 17. Rxd1 Nd7 18. Bxe4 c6 19. a4 Nxe5 20. a5 Bc7 21. Bf4
a6 22. Rd4 c5 23. Rdd1 Bb3 24. Re1 Rab8 25. Be3 Nc4 26. Bxc5 Nxa5 27. Nf5 b6
28. Bd4 Be5 29. Bd3 Bxd4 30. Rxe8+ Rxe8 31. Nxd4 Bc4 32. Bxc4 Nxc4 33. Rxa6
Re1+ 34. Kh2 Nxb2 35. Rxb6 Na4 36. Rc6 Rc1 37. Nb5 Kf8 38. Kg3 Rb1 39. c4 Nb2
40. Nd6 Nd3 41. Nf5 Kg8 42. Rc7 Rb3 43. f3 Rb2 44. Re7 Kf8 45. Rd7 1-0

[Event "FIDE World Youth U16 Chess Olympiad SLOVAKIA 2016"]
[Site "Poprad Tatry SLOVAKIA"]
[Date "2016.07.27"]
[Round "7"]
[Board "4"]
[White "Swennen, Fleur"]
[Black "Tamrazyan, Gohar"]
[Result "1/2-1/2"]
[WhiteElo "1648"]
[BlackElo "1651"]
[PlyCount "63"]
[EventDate "2016.07.22"]
[EventType "team"]
[EventRounds "9"]
[EventCountry "SVK"]
[WhiteTeam "Belgium"]
[BlackTeam "Switzerland"]

1. c4 e5 2. g3 Nc6 3. Bg2 Nf6 4. Nc3 Bc5 5. e3 Bb6 6. Nge2 O-O 7. O-O d6 8. h3
h6 9. d4 Bf5 10. d5 Ne7 11. Kh2 c6 12. f4 e4 13. Nd4 cxd5 14. Nxf5 Nxf5 15.
Nxd5 Nxd5 16. Qxd5 Nxe3 17. Bxe3 Bxe3 18. Bxe4 Qf6 19. Rab1 Rfe8 20. Qd3 Qd4
21. Qxd4 Bxd4 22. Rfe1 Rab8 23. Re2 f5 24. Bd5+ Kf8 25. Rbe1 Bxb2 26. Rxe8+
Rxe8 27. Rxe8+ Kxe8 28. Bxb7 Bc1 29. Kg2 Ke7 30. Bd5 Kf6 31. Kf3 g6 32. Kg2
 1/2-1/2

[Event "FIDE World Youth U16 Chess Olympiad SLOVAKIA 2016"]
[Site "Poprad Tatry SLOVAKIA"]
[Date "2016.07.27"]
[Round "7"]
[Board "1"]
[White "Abdulla, Murad"]
[Black "Su, Zijin"]
[Result "1-0"]
[WhiteElo "2101"]
[BlackElo "1628"]
[PlyCount "107"]
[EventDate "2016.07.22"]
[EventType "team"]
[EventRounds "9"]
[EventCountry "SVK"]
[WhiteTeam "Scotland"]
[BlackTeam "China 2"]

1. e4 c5 2. Nf3 d6 3. Bb5+ Nc6 4. c3 Qc7 5. O-O a6 6. Bd3 e5 7. h3 Nf6 8. Re1
Be7 9. Bc2 O-O 10. d3 Kh8 11. Nbd2 Ng8 12. Nf1 Bf6 13. Ne3 Nge7 14. Ng4 Bd7 15.
Nxf6 gxf6 16. Nh4 Rg8 17. Qf3 f5 18. exf5 f6 19. Bb3 Rge8 20. Bf7 Rf8 21. Qh5
Nxf5 22. Ng6+ Kg7 23. Nxf8 Rxf8 24. Bd5 Nce7 25. Be4 Kh8 26. Bxf5 Bxf5 27. Bh6
Bg6 28. Qf3 Rf7 29. Rad1 d5 30. h4 c4 31. d4 e4 32. Qf4 Qxf4 33. Bxf4 Bh5 34.
Rb1 Ng6 35. Bg3 f5 36. Be5+ Nxe5 37. dxe5 Re7 38. f4 exf3 39. g3 Bg6 40. Rbd1
Bf7 41. e6 Rxe6 42. Rxe6 Bxe6 43. Re1 Bd7 44. Re7 Bc6 45. Kf2 Kg8 46. Re5 Kg7
47. Rxf5 b5 48. Ke3 Kg6 49. Rf4 h5 50. Kd4 Bb7 51. Rxf3 Kg7 52. Rf5 Kg6 53. Re5
Bc6 54. Re6+ 1-0

[Event "FIDE World Youth U16 Chess Olympiad SLOVAKIA 2016"]
[Site "Poprad Tatry SLOVAKIA"]
[Date "2016.07.27"]
[Round "7"]
[Board "2"]
[White "Peng, Shunkai"]
[Black "Gray, Euan"]
[Result "1/2-1/2"]
[WhiteElo "1944"]
[BlackElo "1943"]
[PlyCount "120"]
[EventDate "2016.07.22"]
[EventType "team"]
[EventRounds "9"]
[EventCountry "SVK"]
[WhiteTeam "China 2"]
[BlackTeam "Scotland"]

1. e4 e5 2. Nf3 Nc6 3. Bb5 a6 4. Ba4 Nf6 5. d3 d6 6. O-O g6 7. c3 Bg7 8. h3 h6
9. Re1 O-O 10. d4 b5 11. Bc2 Qe7 12. a4 Bb7 13. d5 Nb8 14. Nbd2 c6 15. dxc6
Nxc6 16. Nf1 Rfd8 17. Ne3 d5 18. Nxd5 Nxd5 19. exd5 Na5 20. axb5 axb5 21. Qe2
Bxd5 22. Nd2 Qb7 23. Be4 f5 24. Bxd5+ Qxd5 25. Nf1 Qc4 26. Qe3 Nb3 27. Rxa8
Rxa8 28. Nd2 Nxd2 29. Qxd2 Qc6 30. Kh2 Ra7 31. Rd1 Rb7 32. Qd8+ Kf7 33. Rd6 Qc7
34. Qa8 g5 35. Qa2+ Qc4 36. Qa6 Qc7 37. Rc6 Qd7 38. Rxh6 Bxh6 39. Qxh6 g4 40.
Bg5 gxh3 41. gxh3 e4 42. Qf6+ Kg8 43. Bf4 Qf7 44. Qg5+ Kh7 45. Qh6+ Kg8 46. Be5
Qh7 47. Qg5+ Kf7 48. Qf6+ Kg8 49. Bd6 Qf7 50. Qd8+ Kh7 51. Be5 Qe7 52. Qh8+ Kg6
53. Qg8+ Kh5 54. Bf4 Qg7 55. Qe8+ Qg6 56. Qh8+ Qh7 57. Qe8+ Qg6 58. Qh8+ Qh7
59. Qd8 Qe7 60. Qd5 Qf7 1/2-1/2

[Event "FIDE World Youth U16 Chess Olympiad SLOVAKIA 2016"]
[Site "Poprad Tatry SLOVAKIA"]
[Date "2016.07.27"]
[Round "7"]
[Board "3"]
[White "Shafi, Declan"]
[Black "Yang, Zicheng"]
[Result "1-0"]
[WhiteElo "1841"]
[BlackElo "1442"]
[PlyCount "63"]
[EventDate "2016.07.22"]
[EventType "team"]
[EventRounds "9"]
[EventCountry "SVK"]
[WhiteTeam "Scotland"]
[BlackTeam "China 2"]

1. d4 Nf6 2. c4 e6 3. Nc3 Bb4 4. Qc2 b6 5. a3 Bxc3+ 6. Qxc3 Ne4 7. Qc2 f5 8.
Nh3 Bb7 9. f3 Qh4+ 10. g3 Qf6 11. Bg2 Nd6 12. Qc3 Nc6 13. Be3 h6 14. O-O-O Na5
15. c5 Nb5 16. Qd3 c6 17. b4 bxc5 18. bxa5 c4 19. Qxc4 Ba6 20. Kd2 Nc7 21. Qc5
Nd5 22. Nf4 Nxe3 23. Kxe3 g5 24. Nd3 g4 25. Qe5 Qg5+ 26. f4 Qg8 27. Nc5 Bb5 28.
a4 Bc4 29. Rb1 Ke7 30. Rb7 Rd8 31. Bxc6 h5 32. Nxd7 1-0

[Event "FIDE World Youth U16 Chess Olympiad SLOVAKIA 2016"]
[Site "Poprad Tatry SLOVAKIA"]
[Date "2016.07.27"]
[Round "7"]
[Board "4"]
[White "Liu, Suhui"]
[Black "Espinosa Cancino, Monica"]
[Result "1/2-1/2"]
[WhiteElo "1594"]
[BlackElo "1636"]
[PlyCount "45"]
[EventDate "2016.07.22"]
[EventType "team"]
[EventRounds "9"]
[EventCountry "SVK"]
[WhiteTeam "China 2"]
[BlackTeam "Scotland"]

1. e4 c5 2. Nf3 d6 3. d4 cxd4 4. Nxd4 Nf6 5. Nc3 a6 6. Be3 e6 7. a4 Be7 8. Be2
O-O 9. O-O Nc6 10. Kh1 Qc7 11. f4 Bd7 12. Qe1 Rac8 13. Qg3 Na5 14. e5 Ne8 15.
Ne4 Kh8 16. c3 Nc4 17. Bxc4 Qxc4 18. a5 Qd5 19. Ng5 h6 20. Ngf3 Bd8 21. Rfd1
Qe4 22. Nd2 Qh7 23. N2f3 1/2-1/2

[Event "FIDE World Youth U16 Chess Olympiad SLOVAKIA 2016"]
[Site "Poprad Tatry SLOVAKIA"]
[Date "2016.07.27"]
[Round "7"]
[Board "1"]
[White "Durica, Adam"]
[Black "Van Zyl-Rudd, Jack"]
[Result "0-1"]
[WhiteElo "1944"]
[BlackElo "1766"]
[PlyCount "84"]
[EventDate "2016.07.22"]
[EventType "team"]
[EventRounds "9"]
[EventCountry "SVK"]
[WhiteTeam "Slovakia LSS A"]
[BlackTeam "South Africa 2"]

1. Nf3 c5 2. g3 Nc6 3. Bg2 g6 4. O-O Bg7 5. d3 d6 6. e4 e5 7. Nc3 Nge7 8. Be3
O-O 9. Qd2 Nd4 10. Bh6 Nxf3+ 11. Bxf3 Be6 12. Rae1 Nc6 13. Bg2 Nd4 14. Bxg7
Kxg7 15. f4 f6 16. Ne2 Nxe2+ 17. Qxe2 Qa5 18. f5 Bf7 19. a3 b5 20. Bf3 Qb6 21.
Kg2 Rad8 22. h4 d5 23. Rh1 c4 24. fxg6 cxd3 25. cxd3 hxg6 26. h5 dxe4 27. Bxe4
f5 28. hxg6 Bxg6 29. Bf3 e4 30. dxe4 fxe4 31. Bh5 e3 32. Qg4 Rd2+ 33. Kh3 Rh8
34. Rxe3 Rxh5+ 35. Qxh5 Bxh5 36. Rhe1 Bf7 37. Re7 Qh6+ 38. Kg4 Rd4+ 39. Kf3
Qf6+ 40. Kg2 Rd2+ 41. Kh3 Qf5+ 42. Kh4 Rh2# 0-1

[Event "FIDE World Youth U16 Chess Olympiad SLOVAKIA 2016"]
[Site "Poprad Tatry SLOVAKIA"]
[Date "2016.07.27"]
[Round "7"]
[Board "2"]
[White "Van Der Lingen, Cornelis Petru"]
[Black "Brnusak, Andrej"]
[Result "1-0"]
[WhiteElo "1772"]
[BlackElo "1626"]
[PlyCount "49"]
[EventDate "2016.07.22"]
[EventType "team"]
[EventRounds "9"]
[EventCountry "SVK"]
[WhiteTeam "South Africa 2"]
[BlackTeam "Slovakia LSS A"]

1. e4 c5 2. Nf3 e6 3. d4 cxd4 4. Nxd4 Nc6 5. Nc3 Qc7 6. Be2 a6 7. O-O Nf6 8. a3
Be7 9. Re1 O-O 10. Bf1 Rd8 11. Nb3 d5 12. exd5 Nxd5 13. Qf3 b5 14. Nxd5 Rxd5
15. Bf4 Bd6 16. Bxd6 Rxd6 17. Rad1 Rxd1 18. Rxd1 Bb7 19. Nc5 Rd8 20. Nxa6 Qc8
21. Nc5 Nd4 22. Qxb7 Qxc5 23. c3 Nc6 24. Qxc6 Qe7 25. Rxd8+ 1-0

[Event "FIDE World Youth U16 Chess Olympiad SLOVAKIA 2016"]
[Site "Poprad Tatry SLOVAKIA"]
[Date "2016.07.27"]
[Round "7"]
[Board "3"]
[White "Brnusak, Tomas"]
[Black "Marais, Daniel"]
[Result "0-1"]
[WhiteElo "1632"]
[BlackElo "1771"]
[PlyCount "116"]
[EventDate "2016.07.22"]
[EventType "team"]
[EventRounds "9"]
[EventCountry "SVK"]
[WhiteTeam "Slovakia LSS A"]
[BlackTeam "South Africa 2"]

1. d4 d5 2. c4 e6 3. Nc3 Nf6 4. cxd5 exd5 5. Bg5 Nbd7 6. e3 c6 7. Bd3 Be7 8.
Nf3 O-O 9. Qc2 Re8 10. O-O Nf8 11. Ne5 Ne4 12. Bxe7 Qxe7 13. f3 Nxc3 14. bxc3
f6 15. Ng4 Bxg4 16. fxg4 Qxe3+ 17. Kh1 Re7 18. h3 Qg3 19. Rf3 Qd6 20. Raf1 Rae8
21. Qf2 Re6 22. g5 fxg5 23. Rf7 Rf6 24. Rxf6 Qxf6 25. Qxf6 gxf6 26. Rxf6 Re3
27. Rf3 Rxf3 28. gxf3 Kg7 29. Kg2 Kf6 30. a4 a5 31. Kf2 h5 32. Ke3 Ne6 33. Bf1
Nf4 34. h4 Kf5 35. hxg5 Kxg5 36. Kf2 h4 37. c4 dxc4 38. Bxc4 Nd5 39. Bd3 Kf4
40. Be4 h3 41. Kg1 Nc3 42. Kh2 Nxe4 43. fxe4 Kxe4 44. Kxh3 Kxd4 45. Kg3 b5 46.
Kf2 Kd3 47. Ke1 Kc2 48. axb5 cxb5 49. Ke2 b4 50. Ke3 b3 51. Kd4 b2 52. Kc4 b1=Q
53. Kd5 Qb4 54. Kc6 Qd4 55. Kb5 Kd3 56. Kxa5 Qb2 57. Ka4 Kc4 58. Ka5 Qb5# 0-1

[Event "FIDE World Youth U16 Chess Olympiad SLOVAKIA 2016"]
[Site "Poprad Tatry SLOVAKIA"]
[Date "2016.07.27"]
[Round "7"]
[Board "4"]
[White "Surujhlal, Kayla"]
[Black "Korenova, Simona"]
[Result "1-0"]
[WhiteElo "1352"]
[BlackElo "1638"]
[PlyCount "77"]
[EventDate "2016.07.22"]
[EventType "team"]
[EventRounds "9"]
[EventCountry "SVK"]
[WhiteTeam "South Africa 2"]
[BlackTeam "Slovakia LSS A"]

1. e4 c5 2. Nf3 d6 3. d4 cxd4 4. Nxd4 Nf6 5. Nc3 g6 6. Bd3 Bg7 7. O-O O-O 8.
Kh1 Nc6 9. Nxc6 bxc6 10. f4 Rb8 11. Rb1 Nd7 12. Bd2 Bb7 13. Qg4 Qc7 14. Qh3 Bc8
15. f5 Ne5 16. Be2 Rd8 17. Bh6 d5 18. Bxg7 Kxg7 19. Qg3 d4 20. Nd1 Qd6 21. Nf2
Rb6 22. Ng4 Nxg4 23. Qxg4 Qe5 24. Bd3 Bd7 25. Qf3 gxf5 26. exf5 c5 27. Qh5 Qf6
28. Rf3 Qh6 29. Rg3+ Kh8 30. Qxf7 Rxb2 31. Rg1 Qf8 32. Qh5 Be8 33. Qh4 Rdb8 34.
f6 Qf7 35. Rg7 Qh5 36. Rxh7+ Kg8 37. Qg3+ Qg6 38. Bxg6 Rb1 39. Bf5+ 1-0

[Event "FIDE World Youth U16 Chess Olympiad SLOVAKIA 2016"]
[Site "Poprad Tatry SLOVAKIA"]
[Date "2016.07.27"]
[Round "7"]
[Board "1"]
[White "Ieong, Seak Hin"]
[Black "Sankova, Stella"]
[Result "1-0"]
[WhiteElo "1726"]
[BlackElo "1911"]
[PlyCount "123"]
[EventDate "2016.07.22"]
[EventType "team"]
[EventRounds "9"]
[EventCountry "SVK"]
[WhiteTeam "Macau"]
[BlackTeam "Slovakia RSA BB Detva"]

1. e4 c5 2. Nc3 Nc6 3. g3 g6 4. Bg2 Bg7 5. d3 d6 6. Nge2 e6 7. O-O Nge7 8. Bg5
O-O 9. Qd2 a6 10. h4 h5 11. a4 Qc7 12. Bh6 Nd4 13. Bxg7 Kxg7 14. Nxd4 cxd4 15.
Ne2 Nc6 16. f4 f5 17. Kh2 Bd7 18. exf5 exf5 19. Bxc6 bxc6 20. Nxd4 Qb6 21. Qc3
Kh6 22. b3 c5 23. Nf3 Rae8 24. Rae1 Bc6 25. Ng5 Rxe1 26. Rxe1 c4 27. Re2 Re8
28. Ne6 Qb7 29. Qf6 cxd3 30. cxd3 Qe7 31. Qxe7 Rxe7 32. Nd4 Rxe2+ 33. Nxe2 a5
34. Kg1 Bd5 35. Nd4 Kg7 36. Kf2 Kf6 37. Ke3 Ke7 38. Kd2 Kd7 39. Kc3 Kc7 40. Nc2
Bf7 41. Ne3 d5 42. Kd4 Kd6 43. Nc2 Be8 44. Ne1 Bc6 45. Nf3 Bd7 46. Ne5 Be8 47.
Kc3 Kc5 48. d4+ Kb6 49. Kb2 Kc7 50. Ka3 Kb6 51. Nd3 Bc6 52. b4 Be8 53. Nc5 Bc6
54. Nb3 axb4+ 55. Kxb4 Ka6 56. Nc5+ Ka7 57. Nd3 Ka6 58. Ne5 Be8 59. a5 Kb7 60.
Kc5 Ka6 61. Kxd5 Kxa5 62. Ke6 1-0

[Event "FIDE World Youth U16 Chess Olympiad SLOVAKIA 2016"]
[Site "Poprad Tatry SLOVAKIA"]
[Date "2016.07.27"]
[Round "7"]
[Board "2"]
[White "Cibikova, Sofia Anna"]
[Black "Kou, Seong Kei"]
[Result "1/2-1/2"]
[WhiteElo "1682"]
[BlackElo "1398"]
[PlyCount "102"]
[EventDate "2016.07.22"]
[EventType "team"]
[EventRounds "9"]
[EventCountry "SVK"]
[WhiteTeam "Slovakia RSA BB Detva"]
[BlackTeam "Macau"]

1. Nf3 d5 2. d4 c5 3. e3 Bg4 4. Be2 Nc6 5. O-O e6 6. dxc5 Bxc5 7. Nbd2 Nf6 8.
c4 O-O 9. a3 a5 10. cxd5 Nxd5 11. Qc2 Bd6 12. b3 Rc8 13. Qd3 Ne5 14. Qd4 Nc3
15. Re1 Nxe2+ 16. Rxe2 Nxf3+ 17. Nxf3 Bxf3 18. gxf3 Qg5+ 19. Qg4 Qe5 20. Bb2
Qxh2+ 21. Kf1 Qh1+ 22. Qg1 Qxg1+ 23. Kxg1 Rc5 24. f4 Rfc8 25. Rd1 Bf8 26. Rd7
Rb5 27. Rd3 h5 28. Red2 Kh7 29. a4 Rb6 30. e4 Bb4 31. Re2 Rbc6 32. Rd7 R6c7 33.
Rd3 Rc2 34. Rxc2 Rxc2 35. Be5 Rd2 36. Rh3 g6 37. f5 exf5 38. exf5 Bc5 39. Rf3
g5 40. Bc3 Rd1+ 41. Kg2 b6 42. Bf6 Kh6 43. Rg3 g4 44. Bh4 Rd5 45. f6 Rf5 46.
Rd3 Ba3 47. Rd8 Kh7 48. Rd7 Kg6 49. Rd8 Kh7 50. Rd7 Kg6 51. Rd8 Kh7 1/2-1/2

[Event "FIDE World Youth U16 Chess Olympiad SLOVAKIA 2016"]
[Site "Poprad Tatry SLOVAKIA"]
[Date "2016.07.27"]
[Round "7"]
[Board "3"]
[White "Ip, Seng Tou"]
[Black "Cabanova, Kristina"]
[Result "1-0"]
[WhiteElo "1564"]
[BlackElo "1609"]
[PlyCount "101"]
[EventDate "2016.07.22"]
[EventType "team"]
[EventRounds "9"]
[EventCountry "SVK"]
[WhiteTeam "Macau"]
[BlackTeam "Slovakia RSA BB Detva"]

1. e4 e6 2. d4 d5 3. exd5 exd5 4. Nf3 Bd6 5. Bd3 Ne7 6. h3 c6 7. O-O O-O 8. Be3
Bf5 9. c3 h6 10. Qc2 Bxd3 11. Qxd3 Ng6 12. Nbd2 Nd7 13. Rfe1 Nf6 14. Nf1 Re8
15. Bd2 Ne4 16. N1h2 Qc7 17. Ng4 Re7 18. Rf1 h5 19. Ne3 Nf4 20. Qc2 Qd7 21.
Rae1 Nxh3+ 22. gxh3 Qxh3 23. Ne5 f6 24. f4 fxe5 25. fxe5 Re6 26. Ng2 Rg6 27.
Bf4 Be7 28. Re3 Ng3 29. Bxg3 Rxg3 30. Rxg3 Qxg3 31. Qf5 Qg5 32. Qe6+ Kh8 33.
Rf5 Qc1+ 34. Kh2 Bg5 35. Qg6 Bh6 36. Rxh5 Qxb2 37. Rxh6+ gxh6 38. Qxh6+ Kg8 39.
Qg6+ Kf8 40. e6 Qf2 41. Qh7 Re8 42. Qg6 Ke7 43. Qg7+ Kxe6 44. Qe5+ Kd7 45. Qg7+
Kd8 46. Qg5+ Re7 47. Qg8+ Kc7 48. Qg6 Re4 49. Qg5 Qxa2 50. Kh3 Qe2 51. Qg3+ 1-0

[Event "FIDE World Youth U16 Chess Olympiad SLOVAKIA 2016"]
[Site "Poprad Tatry SLOVAKIA"]
[Date "2016.07.27"]
[Round "7"]
[Board "4"]
[White "Bobrova, Katarina"]
[Black "Ip, Weng Tou"]
[Result "1/2-1/2"]
[WhiteElo "1370"]
[BlackElo "1490"]
[PlyCount "88"]
[EventDate "2016.07.22"]
[EventType "team"]
[EventRounds "9"]
[EventCountry "SVK"]
[WhiteTeam "Slovakia RSA BB Detva"]
[BlackTeam "Macau"]

1. Nf3 Nf6 2. d4 d5 3. Bf4 e6 4. e3 Bd6 5. Bg3 O-O 6. c4 b6 7. Be2 Bb7 8. O-O
Bxg3 9. hxg3 Nbd7 10. Nc3 c6 11. Rc1 Ne4 12. cxd5 cxd5 13. Bb5 f5 14. Nxe4 fxe4
15. Bxd7 Qxd7 16. Ne5 Qe7 17. Qe2 Rac8 18. Qb5 Rc7 19. Rxc7 Qxc7 20. Qd7 Qxd7
21. Nxd7 Rd8 22. Ne5 Ba6 23. Rc1 Rc8 24. Rxc8+ Bxc8 25. f3 Kf8 26. Kf2 exf3 27.
gxf3 a6 28. e4 Bb7 29. Ke3 Ke7 30. b3 a5 31. a4 Ba6 32. g4 Kd6 33. Kd2 b5 34.
Nf7+ Ke7 35. Ne5 Kd6 36. Nd3 bxa4 37. bxa4 Bb7 38. e5+ Ke7 39. Nc5 Bc6 40. Ke3
h6 41. Kf4 g6 42. Kg3 Kf7 43. Kh4 Ke7 44. f4 Kf7 1/2-1/2

[Event "FIDE World Youth U16 Chess Olympiad SLOVAKIA 2016"]
[Site "Poprad Tatry SLOVAKIA"]
[Date "2016.07.27"]
[Round "7"]
[Board "1"]
[White "Ihnat, Marek"]
[Black "Kostolansky, Sebastian Lukas"]
[Result "0-1"]
[WhiteElo "1827"]
[BlackElo "1962"]
[PlyCount "46"]
[EventDate "2016.07.22"]
[EventType "team"]
[EventRounds "9"]
[EventCountry "SVK"]
[WhiteTeam "Slovakia KSZ"]
[BlackTeam "Slovakia BSZ"]

1. e4 e6 2. d4 d5 3. exd5 exd5 4. Bd3 Nf6 5. Ne2 Bd6 6. Bf4 O-O 7. O-O Re8 8.
Bxd6 Qxd6 9. Ng3 Nc6 10. c3 Ne7 11. Re1 Bg4 12. Qc2 Ng6 13. Nd2 Nh4 14. h3 Bd7
15. Nf5 Bxf5 16. Bxf5 Qf4 17. Bd3 Qg5 18. Bf1 Ne4 19. Rxe4 dxe4 20. Nxe4 Qg6
21. g3 Nf3+ 22. Kh1 Qxe4 23. Qxe4 Rxe4 0-1

[Event "FIDE World Youth U16 Chess Olympiad SLOVAKIA 2016"]
[Site "Poprad Tatry SLOVAKIA"]
[Date "2016.07.27"]
[Round "7"]
[Board "2"]
[White "Sandor, Martin"]
[Black "Ondo, Tomas"]
[Result "1/2-1/2"]
[WhiteElo "1763"]
[BlackElo "1795"]
[PlyCount "32"]
[EventDate "2016.07.22"]
[EventType "team"]
[EventRounds "9"]
[EventCountry "SVK"]
[WhiteTeam "Slovakia BSZ"]
[BlackTeam "Slovakia KSZ"]

1. e4 e5 2. Nf3 Nc6 3. Nc3 Nf6 4. Bb5 d6 5. d4 exd4 6. Qxd4 Bd7 7. Bxc6 Bxc6 8.
Bg5 Be7 9. O-O-O O-O 10. Rhe1 Nd7 11. Bxe7 Qxe7 12. Nd5 Bxd5 13. exd5 Qf6 14.
Qxf6 Nxf6 15. Re7 Rac8 16. h3 Rfe8 1/2-1/2

[Event "FIDE World Youth U16 Chess Olympiad SLOVAKIA 2016"]
[Site "Poprad Tatry SLOVAKIA"]
[Date "2016.07.27"]
[Round "7"]
[Board "3"]
[White "Petura, Samuel"]
[Black "Petrek, David"]
[Result "1/2-1/2"]
[WhiteElo "1632"]
[BlackElo "1548"]
[PlyCount "30"]
[EventDate "2016.07.22"]
[EventType "team"]
[EventRounds "9"]
[EventCountry "SVK"]
[WhiteTeam "Slovakia KSZ"]
[BlackTeam "Slovakia BSZ"]

1. e4 e5 2. Nf3 Nc6 3. Bc4 Nf6 4. O-O Bc5 5. Nc3 O-O 6. b3 a6 7. a4 d6 8. Bb2
Bg4 9. h3 Bh5 10. Be2 Nd4 11. Nxd4 exd4 12. Bxh5 dxc3 13. Bxc3 Nxe4 14. Qf3
Nxc3 15. Qxc3 Qg5 1/2-1/2